| 000 | 01110nam a22002657a 4500 | ||
|---|---|---|---|
| 001 | dreamseeds00murd | ||
| 003 | CaSfIA | ||
| 005 | 20210118003129.0 | ||
| 007 | cr|||| | ||
| 008 | 060923s1986 txu 000 0 eng | ||
| 010 | _a 2006298613 | ||
| 040 |
_aDLC _cDLC _dCaSfIA |
||
| 020 | _a0892743921 | ||
| 020 | _a9780892743926 | ||
| 035 | _a(OCoLC)313066065 | ||
| 100 | 1 | _aMurdock, Mike. | |
| 245 | 1 | 0 |
_aDream-seeds / _h[electronic resource] _cby Mike Murdock. |
| 260 |
_aDenton, Tex. : _bWidsom Center, _cc1986. |
||
| 300 |
_a112 p. ; _c21 cm. |
||
| 856 | 4 | 1 |
_uhttp://www.archive.org/details/dreamseeds00murd _zFree eBook from the Internet Archive |
| 856 | 4 | 2 |
_uhttp://www.openlibrary.org/books/OL8232569M _zAdditional information and access via Open Library |
| 942 | _cEB | ||
| 506 | _fНеобхідна авторизація на https://archive.org/ (створення облікового запису безкоштовно) | ||
| 506 | _fНеобхідна авторизація на https://openlibrary.org/ (створення облікового запису безкоштовно) | ||
| 999 |
_c490432 _d490432 |
||